コンテンツを見る

Домохозяйства в системе отношений экономических субъектов России

В монографии рассматриваются системные свойства домохозяйства как экономического субъекта, раскрывается его сущность, функции, проводится анализ типов домохозяйств. Значительное внимание уделено системе взаимодействия домохозяйства с основными экономическими субъектами. Проведено исследование потенц...

詳細記述

保存先:
書誌詳細
第一著者: Бондаренко И. А.
その他の著者: Мещеряков Д. А.
フォーマット: Книга
言語:Russian
出版事項: Воронеж ВИЭСУ 2015
オンライン・アクセス:https://e.lanbook.com/book/204821
https://e.lanbook.com/img/cover/book/204821.jpg
タグ: タグ追加
タグなし, このレコードへの初めてのタグを付けませんか!
LEADER 02346nam0a2200277 i 4500
001 204821
003 RuSpLAN
005 20221220174144.0
008 221220s2015 ru gs 000 0 rus
020 |a 978‐5‐8411‐0311‐0 
040 |a RuSpLAN 
041 0 |a rus 
044 |a ru 
080 |a 330.567.4 
084 |a 65.012.1  |2 rubbk 
245 0 0 |a Домохозяйства в системе отношений экономических субъектов России  |c Бондаренко И. А.,Мещеряков Д. А. 
260 |a Воронеж  |b ВИЭСУ  |c 2015 
300 |a 348 с. 
504 |a Библиогр.: доступна в карточке книги, на сайте ЭБС Лань 
520 8 |a В монографии рассматриваются системные свойства домохозяйства как экономического субъекта, раскрывается его сущность, функции, проводится анализ типов домохозяйств. Значительное внимание уделено системе взаимодействия домохозяйства с основными экономическими субъектами. Проведено исследование потенциала и факторов развития домохозяйств в современной России в целях повышения их благополучия. Монография предназначена для преподавателей, аспирантов, практических работников социальной сферы, а также представителей государственного и муниципального управления, профессионально занимающихся проблемами демографии, бедности, занятости и повышения благополучия домохозяйств. 
521 8 |a Книга из коллекции ВИЭСУ - Экономика и менеджмент 
100 1 |a Бондаренко И. А. 
700 1 |a Мещеряков Д. А. 
856 4 |u https://e.lanbook.com/book/204821 
856 4 8 |u https://e.lanbook.com/img/cover/book/204821.jpg 
953 |a https://e.lanbook.com/img/cover/book/204821.jpg